000 00332 a2200145 4500
001 151920
040 _cEscola São Tomás de Aquino
100 _aMALDONADO, Maria Teresa
240 1 0 _aRedes solidárias
_lpor
245 1 0 _aRedes solidárias
300 _a94
440 1 _aSaraiva
697 _a*LITERATURA JUVENIL
942 _cBK
999 _c151920
_d151920